Rote und weiße Flaggen - ohne Hinweis - Statistiken

Allgemein
  • Dieses Quiz wurde 76 mal gespielt
  • Das Durchschnittsergebnis liegt bei 11 aus 18
Antwortstatistiken
Antwort % Korrekt
Polen
91%
Monaco
81%
Österreich
81%
Indonesien
78%
Japan
75%
Dänemark
73%
Schweiz
73%
Kanada
63%
Malta
61%
Peru
61%
Türkei
58%
Singapur
55%
Lettland
52%
Tunesien
49%
Bahrain
42%
Katar
42%
Georgien
40%
Tonga
36%
Keine übereinstimmenden Quizze gefunden
Verteilung der Resultate
Anzahl Personen mit jedem Resultat
Perzentil nach korrekt beantworteten Fragen
Ihre Resultats-Entwicklung
Sie haben dieses Quiz noch nicht gespielt